000 00434nam a2200181Ia 4500
001 9766
005 20260306161742.0
008 260306t2016||||xx |||||||||||||| ||spa||
041 _aESP
082 _a413.028
_bR75
100 _aRodríguez Barcia, Susana
_eAUT
245 0 _aIntroducción a la lexicografía
260 _c2016
300 _a309 páginas :
_c23 cm.
650 _aGEN
654 _aCHU
942 _cLIB
_dJUS
_fJUS
_2ddc
_n
999 _c9766
_d9766